MODERN MANAGEMENT OF ENDOMETRIOSIS / (Record no. 796253)

MARC details
000 -LEADER
fixed length control field 00533pam a2200193 a 4500
020 ## - INTERNATIONAL STANDARD BOOK NUMBER
International Standard Book Number 1842142763
Terms of availability 12740.00
041 ## - LANGUAGE CODE
Language code of text/sound track or separate title eng
Language code of original NULL
082 ## - DEWEY DECIMAL CLASSIFICATION NUMBER
Classification number 618.2
Item number SUT/JON
100 ## - MAIN ENTRY--PERSONAL NAME
Personal name SUTTEN, P .
245 ## - TITLE STATEMENT
Title MODERN MANAGEMENT OF ENDOMETRIOSIS /
Statement of responsibility, etc. NULL.
Medium Textual Documents
250 ## - EDITION STATEMENT
Edition statement /
Remainder of edition statement .
260 ## - PUBLICATION, DISTRIBUTION, ETC.
Place of publication, distribution, etc. NULL :
Name of publisher, distributor, etc. TAYLOR & FRANCIS (CRC) PRESS ,
Date of publication, distribution, etc. 2006.
300 ## - PHYSICAL DESCRIPTION
Extent 430 :
Other physical details XII ;
Dimensions NULL .
365 ## - TRADE PRICE
Price type code 12740.00
650 ## - SUBJECT ADDED ENTRY--TOPICAL TERM
Topical term or geographic name entry element OBST.GYNE
700 ## - ADDED ENTRY--PERSONAL NAME
Personal name JONES, K .
-- ADAMSON, G .
930 ## - EQUIVALENCE OR CROSS-REFERENCE-UNIFORM TITLE HEADING [LOCAL, CANADA]
Uniform title 1717
Holdings
Withdrawn status Lost status Damaged status Not for loan Home library Current library Date acquired Cost, normal purchase price Total Checkouts Full call number Barcode Date last seen Copy number Price effective from Koha item type
        Medical College & Hospital, Sangli Medical College & Hospital, Sangli 28/11/2011 12740.00   618.2 SUT/JON MCS-4361 26/07/2023 1 26/07/2023 Book